| 000 | 00373cam a2200145ua 4500 | ||
|---|---|---|---|
| 041 |
_aeng _h |
||
| 082 |
_a940 _bSCH/HI |
||
| 100 | _aSchevill, Ferdinand . | ||
| 245 |
_aHistory of Europe / _cFerdianand Shevill. _hTextual Documents |
||
| 260 |
_aNew York : _bHarcourt, Brace and Company , _c1951. |
||
| 300 | _a963 ; . | ||
| 504 | _a | ||
| 942 | _cBK | ||
| 999 |
_c6220 _d6220 |
||